| Tag |
First Indicator |
Second Indicator |
Subfields |
| LEADER |
00000pam a2200000 a 4500 |
| 001 |
in00000098779 |
| 005 |
20150924155809.0 |
| 008 |
790511s1979 nyu j 00011 engm |
| 010 |
|
|
|a 79002402
|
| 020 |
|
|
|a 039731826X :
|c $6.95
|
| 020 |
|
|
|a 0397318634 (lib. bdg.) :
|c $7.89
|
| 035 |
|
|
|a (OCoLC)05051725
|
| 035 |
|
|
|9 AAK9903AM
|
| 040 |
|
|
|a DLC
|c DLC
|d TXA
|d UtOrBLW
|
| 049 |
|
|
|a [Curr Col] TXAM
|c [1633569]
|
| 050 |
0 |
0 |
|a PZ7 P7125
|b Ap
|
| 082 |
0 |
|
|a [Fic]
|
| 100 |
1 |
|
|a Platt, Kin.
|
| 245 |
1 |
4 |
|a The ape inside me /
|c Kin Platt.
|
| 250 |
|
|
|a 1st ed.
|
| 264 |
|
1 |
|a New York :
|b Lippincott,
|c [1979]
|
| 264 |
|
4 |
|c ©1979
|
| 300 |
|
|
|a 117 pages ;
|c 21 cm.
|
| 336 |
|
|
|a text
|b txt
|2 rdacontent
|
| 337 |
|
|
|a unmediated
|b n
|2 rdamedia
|
| 338 |
|
|
|a volume
|b nc
|2 rdacarrier
|
| 520 |
|
|
|a A 15-year-old attempts to bring his fierce temper under control.
|
| 650 |
|
1 |
|a Behavior
|x Fiction.
|
| 999 |
|
|
|a MARS
|
| 999 |
f |
f |
|s 7d146e3b-a78f-3a24-bf15-b14d5a48d2f7
|i 1355fa49-ae81-38cb-8d2f-635de5ab372c
|t 0
|
| 952 |
f |
f |
|p ric
|a Texas A&M University
|b Rellis Campus
|c Joint Library Facility
|d Remote Storage
|t 0
|e PZ7 P7125 Ap
|h Library of Congress classification
|i unmediated -- volume
|m A14806027528
|
| 998 |
f |
f |
|a PZ7 P7125 Ap
|t 0
|l Remote Storage
|